[Event "SC Buer-Hassel 1 - SW Oberhausen 1"]
[Site "Verbandsklasse - Gruppe 2 201"]
[Date "2019.01.20"]
[Round "5.2"]
[White "Wolff, Christoph"]
[Black "Hortolani, Sven-Holger"]
[Result "1-0"]
[WhiteElo "1955"]
[BlackElo "2039"]
[Annotator "Daniel"]
[PlyCount "79"]
[EventDate "2019.??.??"]

1. e4 e6 2. d4 d5 3. exd5 exd5 4. Nf3 Nf6 5. Bd3 Bd6 6. Qe2+ Qe7 7. Qxe7+ Bxe7
8. O-O O-O 9. Re1 Bd6 10. Bg5 Bg4 11. Ne5 Bxe5 12. dxe5 Nfd7 13. h3 Be6 14. f4
Nc5 15. Bb5 c6 16. Be7 cxb5 17. Bxc5 Rc8 18. Bd6 Rxc2 19. Nc3 a6 20. f5 Bxf5
21. Nxd5 Nc6 22. Ne3 Nd4 23. Rad1 Ne2+ 24. Kh2 Rxb2 25. Nxf5 Nf4 26. Rg1 Rxa2
$11 27. Ne7+ Kh8 28. Rdf1 g5 29. e6 Kg7 30. Nf5+ Kf6 31. exf7 Kxf7 32. Bxf4
gxf4 33. Rxf4 Ke6 34. Re1+ Kd5 35. Ne7+ Kd6 36. Rf6+ Kc5 37. Rc1+ Kb4 38. Rb6
Ra7 39. Rc7 a5 40. Nd5+ 1-0

[Event "SC Buer-Hassel 1 - SW Oberhausen 1"]
[Site "Verbandsklasse - Gruppe 2 201"]
[Date "2019.01.20"]
[Round "5.3"]
[White "Kuckelkorn, Joerg"]
[Black "Hirschberg, Markus"]
[Result "1-0"]
[WhiteElo "1887"]
[BlackElo "1796"]
[PlyCount "39"]
[EventDate "2019.??.??"]

1. f4 e6 2. Nf3 d5 3. g3 Nf6 4. Bg2 Bc5 5. e3 Nc6 6. d4 Be7 7. O-O b6 8. b3 Ba6
9. Re1 Ne4 10. c3 h5 11. Qc2 f5 12. Nbd2 g5 13. Nxe4 fxe4 14. Nd2 h4 15. Nxe4
hxg3 16. Nxg3 Rh6 17. e4 gxf4 18. exd5 fxg3 19. Bxh6 gxh2+ 20. Kh1 1-0

[Event "SC Buer-Hassel 1 - SW Oberhausen 1"]
[Site "Verbandsklasse - Gruppe 2 201"]
[Date "2019.01.20"]
[Round "5.4"]
[White "Althoff, Christoph"]
[Black "Matthes, Severin Johannes"]
[Result "1-0"]
[WhiteElo "1924"]
[BlackElo "1811"]
[PlyCount "67"]
[EventDate "2019.??.??"]

1. e4 c5 2. Nc3 e6 3. g3 Ne7 4. Bg2 g6 5. d4 Bg7 6. Nge2 cxd4 7. Nxd4 a6 8. O-O
O-O 9. Be3 Qc7 10. Qd2 Nbc6 11. Nxc6 Nxc6 12. Bc5 Rd8 13. Bd6 Qa5 14. Rad1 Ne5
15. b4 Qa3 16. Bc7 Re8 17. Ne2 b5 18. Bxe5 Bxe5 19. f4 Bb8 20. e5 Ba7+ 21. Kh1
Rb8 22. c3 a5 23. Rf3 Bb7 24. Rd3 Red8 25. Nd4 axb4 26. Nxb5 Bxg2+ 27. Kxg2
Rxb5 28. Rxd7 Rxd7 29. Qxd7 Qxa2+ 30. Rd2 Qa5 31. Qc8+ Kg7 32. Rd7 Kh6 33. Rxf7
Kh5 34. Rxh7+ 1-0

[Event "SC Buer-Hassel 1 - SW Oberhausen 1"]
[Site "Verbandsklasse - Gruppe 2 201"]
[Date "2019.01.20"]
[Round "5.5"]
[White "Heintze, Sven"]
[Black "Strohmann, Andreas"]
[Result "1-0"]
[WhiteElo "1719"]
[BlackElo "1838"]
[PlyCount "49"]
[EventDate "2019.??.??"]

1. d4 c5 2. d5 Nf6 3. Nc3 d6 4. e4 a6 5. a4 g6 6. Nf3 Bg7 7. Bc4 O-O 8. O-O Bg4
9. h3 Bxf3 10. Qxf3 Nbd7 11. Bf4 Nh5 12. Bh2 Ne5 13. Qe2 Qb6 14. Ra3 Nxc4 15.
Rb3 Qa5 16. Qxc4 Rfb8 17. g4 Bxc3 18. gxh5 Bf6 19. e5 b5 20. axb5 axb5 21. Qe4
dxe5 22. Bxe5 Bxe5 23. Qxe5 Qd2 24. Re3 Qxc2 25. h6 1-0

[Event "SC Buer-Hassel 1 - SW Oberhausen 1"]
[Site "Verbandsklasse - Gruppe 2 201"]
[Date "2019.01.20"]
[Round "5.6"]
[White "Lazarev, Vadim"]
[Black "Holl, Michael"]
[Result "1-0"]
[WhiteElo "1758"]
[BlackElo "1749"]
[Annotator "Daniel"]
[PlyCount "205"]
[EventDate "2019.??.??"]

1. e4 e6 2. d4 d5 3. Nc3 Bb4 4. e5 c5 5. a3 Bxc3+ 6. bxc3 Qc7 7. Bb5+ Nc6 8.
Ne2 Nge7 9. O-O Bd7 10. a4 b6 11. Be3 a6 12. Bxc6 Nxc6 13. f4 Na5 14. Ng3 g6
15. Qe2 Nc4 16. Ne4 cxd4 17. Nf6+ Kd8 18. Bxd4 Bc6 19. Rfb1 Rb8 20. Rb4 a5 $11
21. Rb3 Rb7 22. Qf2 Kc8 23. Rab1 Bxa4 24. Rxb6 Nxb6 25. Rxb6 Rxb6 26. Bxb6 Qxc3
27. h3 Qxc2 28. Qe3 Qb1+ 29. Kh2 Qb5 30. Qc3+ Qc6 31. Qxa5 $11 Bb5 32. Qa7 Qb7
33. Qa5 Qc6 34. Qa7 Qb7 35. Qa5 Qa6 36. Qc3+ Bc4 37. Qb4 Kb7 38. Nd7 Kc6 39.
Qc5+ Kb7 40. Qc7+ Ka8 41. Nc5 Rc8 42. Nxa6 Rxc7 43. Nxc7+ Kb7 44. Ba5 Bb3 45.
Kg3 Ba4 46. Kf2 Kc6 47. Ke3 Kc5 48. Kd3 h5 49. h4 Bc6 50. Kc3 d4+ 51. Kd3 Bxg2
52. Ne8 Bf1+ 53. Kd2 Kd5 54. Ke1 Bd3 55. Nd6 g5 56. hxg5 Bg6 57. Kf2 h4 58. Kg2
d3 59. Kh3 Kd4 60. Bd2 Bh5 61. Kxh4 Bg6 62. Kg4 Kd5 63. Kf3 Kd4 64. Kg4 Kd5 65.
Be3 Kc6 66. Bc1 Kd5 67. Kf3 Kd4 68. Bb2+ Kc5 69. Ke3 Kb4 70. Kd2 Kc5 71. Kc3
Kd5 72. Bc1 Kc5 73. Be3+ Kd5 74. Nb7 Ke4 75. Kd2 Kd5 76. Nc5 Kc4 77. Bf2 Bf5
78. Na4 Kb3 79. Nb6 Kb4 80. Nc8 Kb3 81. Ne7 Be4 82. Be1 Kc4 83. Ke3 Bh7 84. Kd2
Kd4 85. g6 fxg6 86. Bh4 g5 87. Bxg5 Ke4 88. Nc8 Kd5 89. Ke3 Kc4 90. Kd2 Kd4 91.
Nd6 Bg6 92. Bd8 Kd5 93. Ke3 Kc5 94. Ba5 Kd5 95. Bb4 Bh7 96. Kf3 Bg6 97. Kg4 Kd4
98. Bd2 Kd5 99. Kg5 Bh7 100. Kh6 Be4 101. Nxe4 Kxe4 102. Kg5 Kd5 103. Kf6 1-0

[Event "SC Buer-Hassel 1 - SW Oberhausen 1"]
[Site "Verbandsklasse - Gruppe 2 201"]
[Date "2019.01.20"]
[Round "5.7"]
[White "Hufnagel, Markus"]
[Black "Wingerning, Gerd"]
[Result "0-1"]
[WhiteElo "1683"]
[BlackElo "1778"]
[PlyCount "74"]
[EventDate "2019.??.??"]

1. c4 Nf6 2. Nc3 d5 3. cxd5 Nxd5 4. e4 Nf6 5. g3 e5 6. Bg2 Bg4 7. Nge2 Qd3 8.
O-O Bc5 9. h3 Bf3 10. Bxf3 Qxf3 11. Qb3 Bb6 12. a4 Nxe4 13. Qb5+ Nc6 14. Nxe4
Qxe4 15. Nc3 Qf3 16. a5 Qxg3+ 17. Kh1 Qxh3+ 18. Kg1 a6 19. Qb3 Nd4 20. Qd1 Ba7
21. Nd5 O-O 22. Ra3 Qd7 23. Ne3 e4 24. Ng4 Nf3+ 25. Rxf3 exf3 26. Qxf3 Qe6 27.
Qg3 Qg6 28. Kh2 h5 29. Ne5 Qxg3+ 30. Kxg3 Rad8 31. b4 c5 32. Ba3 Bb8 33. f4
Bxe5 34. fxe5 Rd3+ 35. Kh4 Rxa3 36. bxc5 Rd8 37. Rb1 Rxa5 0-1

[Event "SC Buer-Hassel 1 - SW Oberhausen 1"]
[Site "Verbandsklasse - Gruppe 2 201"]
[Date "2019.01.20"]
[Round "5.8"]
[White "Semina, Svetlana"]
[Black "Barutta, Larissa"]
[Result "1-0"]
[WhiteElo "2112"]
[BlackElo "1636"]
[PlyCount "43"]
[EventDate "2019.??.??"]

1. e4 e6 2. d4 d5 3. e5 c5 4. c3 Nc6 5. f4 Qb6 6. Nf3 Nge7 7. dxc5 Qxc5 8. Nbd2
Nf5 9. Nb3 Qb6 10. Bd3 Be7 11. Qe2 Bh4+ 12. Nxh4 Nxh4 13. g3 Ng6 14. Be3 Qd8
15. Bc5 b6 16. Bd6 Bb7 17. O-O h5 18. Nd4 Nxd4 19. cxd4 Ne7 20. f5 exf5 21.
Rxf5 a6 22. Rxh5 1-0

[Event "SF Kirchhellen 1 - SG Witten 1"]
[Site "Verbandsklasse - Gruppe 3 201"]
[Date "2019.01.20"]
[Round "5.2"]
[White "Hoffterheide, Thomas"]
[Black "Werschmoeller, Thomas"]
[Result "1/2-1/2"]
[WhiteElo "1970"]
[BlackElo "1847"]
[PlyCount "92"]
[EventDate "2019.??.??"]

1. e4 c5 2. Nf3 e6 3. d4 cxd4 4. Nxd4 Bc5 5. Nb3 Bb6 6. Nc3 Ne7 7. Bg5 Nbc6 8.
Qd2 O-O 9. O-O-O f6 10. Bh4 Qe8 11. Bg3 a6 12. Bd6 Qd8 13. h4 Bc7 14. h5 Bxd6
15. Qxd6 b5 16. Rh3 Qb6 17. f4 Qb8 18. Qd2 b4 19. Na4 d5 20. Nbc5 e5 21. f5 Rd8
22. g4 Kh8 23. g5 fxg5 24. Qxg5 h6 25. Qh4 Rf8 26. Bd3 dxe4 27. Bxe4 Bxf5 28.
Bxf5 Nxf5 29. Qe4 Qb5 30. b3 Rac8 31. Ne6 Rf6 32. Rhd3 Ncd4 33. Nac5 Rxc5 34.
Rxd4 exd4 35. Qa8+ Kh7 36. Nf8+ Rxf8 37. Qxf8 Qc6 38. c4 Qf3 39. Qxc5 Qc3+ 40.
Kb1 Ne3 41. Rc1 Qd3+ 42. Ka1 Qd2 43. Kb1 Qd3+ 44. Ka1 Nc2+ 45. Kb1 Ne1+ 46. Ka1
Nc2+ 1/2-1/2

[Event "SF Kirchhellen 1 - SG Witten 1"]
[Site "Verbandsklasse - Gruppe 3 201"]
[Date "2019.01.20"]
[Round "5.3"]
[White "Hustert, Volker"]
[Black "Borgs, Martin"]
[Result "0-1"]
[WhiteElo "1911"]
[BlackElo "1969"]
[Annotator "Daniel"]
[PlyCount "68"]
[EventDate "2019.??.??"]

1. e4 c5 2. Nf3 e6 3. d4 cxd4 4. Nxd4 a6 5. Nc3 Qc7 6. Be2 Nf6 7. a3 d6 8. O-O
Be7 9. Be3 O-O 10. f4 Nbd7 11. Nb3 b5 12. Bf3 Bb7 13. Qe2 e5 14. Kh1 Rac8 15.
f5 Nb6 16. Na5 $11 Ba8 17. Bxb6 Qxb6 18. Nb3 Qc7 19. Rfd1 h6 20. Rd2 Nd7 21. a4
Bg5 22. Rd3 b4 23. Nd5 Bxd5 24. Rxd5 Nf6 25. Rdd1 Qxc2 26. Qxc2 Rxc2 27. Rxd6
Rxb2 28. Nc5 Rc8 29. Nxa6 b3 30. Nb4 Rc4 31. Nd3 Ra2 32. Rb1 Nxe4 33. Bxe4 Rxe4
34. Nc5 Ree2 0-1

[Event "SF Kirchhellen 1 - SG Witten 1"]
[Site "Verbandsklasse - Gruppe 3 201"]
[Date "2019.01.20"]
[Round "5.4"]
[White "Schueppel, Werner"]
[Black "Hustert, Dirk"]
[Result "1/2-1/2"]
[WhiteElo "1945"]
[BlackElo "2035"]
[PlyCount "77"]
[EventDate "2019.??.??"]

1. d4 d5 2. Nf3 Nf6 3. c4 e6 4. Bg5 Be7 5. e3 O-O 6. Nc3 b6 7. Be2 Bb7 8. O-O
Nbd7 9. Rc1 c6 10. cxd5 exd5 11. Bd3 Re8 12. Nh4 Ne4 13. Bxe7 Qxe7 14. Nf5 Qe6
15. Nxe4 dxe4 16. Qg4 g6 17. Nh6+ Kg7 18. Bc4 Qxg4 19. Nxg4 h5 20. Ne5 Nxe5 21.
dxe5 Rxe5 22. Rfd1 Rae8 23. Rd7 R8e7 24. Rcd1 Bc8 25. Rxe7 Rxe7 26. Rd6 Rd7 27.
Rxd7 Bxd7 28. a3 Kf6 29. f4 Be6 30. Be2 Ke7 31. Kf2 c5 32. Ke1 c4 33. Kd2 Kd6
34. Kc3 Kc5 35. a4 a6 36. b4+ cxb3 37. Bxa6 f5 38. Bb5 Bf7 39. h4 1/2-1/2

[Event "SF Kirchhellen 1 - SG Witten 1"]
[Site "Verbandsklasse - Gruppe 3 201"]
[Date "2019.01.20"]
[Round "5.5"]
[White "Wendehals, Thomas"]
[Black "Schlueter, Christoph"]
[Result "1/2-1/2"]
[WhiteElo "1748"]
[BlackElo "1963"]
[PlyCount "31"]
[EventDate "2019.??.??"]

1. e4 c5 2. Nf3 e6 3. d3 Nc6 4. g3 d6 5. Bg2 g6 6. O-O Bg7 7. c3 Nge7 8. Be3 b6
9. Qd2 Ba6 10. Rd1 O-O 11. Bh6 Rc8 12. Bxg7 Kxg7 13. Na3 Qc7 14. d4 Na5 15.
dxc5 dxc5 16. Qd7 1/2-1/2

[Event "SF Kirchhellen 1 - SG Witten 1"]
[Site "Verbandsklasse - Gruppe 3 201"]
[Date "2019.01.20"]
[Round "5.6"]
[White "Belitz, Marco"]
[Black "Stephan, Joerg"]
[Result "0-1"]
[WhiteElo "1815"]
[BlackElo "1738"]
[PlyCount "88"]
[EventDate "2019.??.??"]

1. e4 c5 2. Nf3 Nc6 3. d4 cxd4 4. Nxd4 Nf6 5. Nc3 e5 6. Ndb5 d6 7. Nd5 Nxd5 8.
exd5 Ne7 9. c3 Ng6 10. Qa4 Bd7 11. Qb4 Qb8 12. Be3 a6 13. Na3 b5 14. Be2 Be7
15. O-O f5 16. Rac1 O-O 17. c4 a5 18. Qb3 b4 19. Nb5 f4 20. Bd2 Nh4 21. a4 f3
22. gxf3 Qe8 23. Kh1 Qh5 24. c5 Bxb5 25. axb5 Nxf3 26. Bxf3 Rxf3 27. Qd1 dxc5
28. Qe2 Bd6 29. Rg1 e4 30. Rg2 Qxd5 31. Rcg1 Be5 32. Rg5 h6 33. Rg6 Rh3 34.
R1g2 Kh7 35. Qg4 Rxh2+ 36. Rxh2 e3+ 37. Qg2 Qxg2+ 38. Rhxg2 exd2 39. Rg1 d1=Q
40. Rxg7+ Bxg7 41. Rxd1 Rb8 42. b3 Rxb5 43. Kg2 a4 44. bxa4 Ra5 0-1

[Event "SF Kirchhellen 1 - SG Witten 1"]
[Site "Verbandsklasse - Gruppe 3 201"]
[Date "2019.01.20"]
[Round "5.7"]
[White "Carls, Christoph"]
[Black "Gajda, Peter"]
[Result "1/2-1/2"]
[WhiteElo "1718"]
[BlackElo "1824"]
[PlyCount "41"]
[EventDate "2019.??.??"]

1. d4 g6 2. c4 Bg7 3. Nf3 Nf6 4. Nc3 O-O 5. e4 d6 6. h3 c6 7. Be2 a6 8. a4 Qc7
9. O-O e5 10. d5 c5 11. Ne1 Ne8 12. f4 exf4 13. Bxf4 Qe7 14. Bd3 Nd7 15. Nf3
Ne5 16. Nxe5 Bxe5 17. Bxe5 Qxe5 18. Qf3 Ng7 19. Qf6 Qxf6 20. Rxf6 Ne8 21. Rf2
1/2-1/2

[Event "SF Kirchhellen 1 - SG Witten 1"]
[Site "Verbandsklasse - Gruppe 3 201"]
[Date "2019.01.20"]
[Round "5.8"]
[White "Langer, Raimund"]
[Black "Aufermann, Dirk"]
[Result "1/2-1/2"]
[WhiteElo "1777"]
[BlackElo "1753"]
[PlyCount "41"]
[EventDate "2019.??.??"]

1. e4 Nf6 2. Nc3 d5 3. exd5 Nxd5 4. Bc4 e6 5. Qf3 c6 6. a3 Nd7 7. Nxd5 cxd5 8.
Ba2 Be7 9. d4 b6 10. Ne2 O-O 11. O-O Ba6 12. Re1 Nf6 13. Ng3 Qc7 14. c3 Rfe8
15. Bf4 Bd6 16. Be5 Bxe5 17. Rxe5 Nd7 18. Re3 Nf6 19. Rae1 Bb7 20. Bb1 Qd8 21.
Bc2 1/2-1/2

[Event "SC Listiger Bauer Essen 1 - SC Rochade "]
[Site "Verbandsklasse - Gruppe 3 201"]
[Date "2019.01.20"]
[Round "5.1"]
[White "Lindenmaier, Reinhard"]
[Black "Kunisch, Siegfried"]
[Result "1/2-1/2"]
[WhiteElo "2017"]
[BlackElo "2041"]
[PlyCount "27"]
[EventDate "2019.??.??"]

1. c4 e5 2. g3 g6 3. Bg2 Bg7 4. e4 d6 5. Nc3 Nc6 6. Nge2 Nh6 7. d3 O-O 8. O-O
f5 9. f4 Be6 10. Rb1 Rb8 11. Nd5 Nd4 12. fxe5 Nxe2+ 13. Qxe2 dxe5 14. Bxh6
1/2-1/2

[Event "SC Listiger Bauer Essen 1 - SC Rochade "]
[Site "Verbandsklasse - Gruppe 3 201"]
[Date "2019.01.20"]
[Round "5.2"]
[White "Klups, Christoph"]
[Black "Koprek, Juergen"]
[Result "1-0"]
[WhiteElo "1958"]
[BlackElo "1827"]
[Annotator "Daniel"]
[PlyCount "83"]
[EventDate "2019.??.??"]

1. e4 e6 2. d4 d5 3. Nc3 Bb4 4. e5 c5 5. a3 cxd4 6. axb4 dxc3 7. bxc3 Ne7 8.
Bd3 Qc7 9. Ne2 Nd7 10. f4 f6 11. exf6 Nxf6 12. Be3 O-O 13. Bd4 Nc6 14. Bc5 Rf7
15. b5 Na5 16. Bd4 b6 17. O-O Nc4 $11 18. Ng3 Bd7 19. Rb1 Re8 20. Rb4 e5 21.
fxe5 Nxe5 22. Nh5 Neg4 23. Nxf6+ Rxf6 24. g3 Rh6 25. Qf3 Nf6 26. Bxf6 Rxf6 27.
Qxd5+ Be6 28. Bxh7+ Kh8 29. Qh5 Qc5+ 30. Qxc5 bxc5 31. Rxf6 cxb4 32. Bg6 gxf6
33. Bxe8 bxc3 34. Kf2 Bf5 35. Ke3 Bxc2 36. Kd4 Kg7 37. Kxc3 Bd1 38. Kb4 Kf8 39.
Bc6 Ke7 40. Ka5 Kd6 41. Ka6 Kc7 42. Kxa7 1-0

[Event "SC Listiger Bauer Essen 1 - SC Rochade "]
[Site "Verbandsklasse - Gruppe 3 201"]
[Date "2019.01.20"]
[Round "5.3"]
[White "Storp, Thomas"]
[Black "Ball, Joerg"]
[Result "1/2-1/2"]
[WhiteElo "1821"]
[BlackElo "1895"]
[PlyCount "120"]
[EventDate "2019.??.??"]

1. c4 f5 2. d4 Nf6 3. Nc3 g6 4. Nf3 Bg7 5. e3 O-O 6. Bd3 d6 7. O-O c6 8. e4
fxe4 9. Nxe4 Nxe4 10. Bxe4 Nd7 11. d5 Nf6 12. dxc6 bxc6 13. Bxc6 Rb8 14. Ng5
Bg4 15. Bd5+ Kh8 16. f3 Qb6+ 17. Kh1 Nxd5 18. Qxd5 e6 19. Nxe6 Bxe6 20. Qxe6
Rfe8 21. Qd5 Re5 22. Qd3 Rbe8 23. Bd2 Rh5 24. Bc3 Qc7 25. Rae1 Rf8 26. h3 d5
27. Bxg7+ Kxg7 28. Qd4+ Kg8 29. cxd5 Qg3 30. Qg4 Qxg4 31. fxg4 Rxd5 32. Rxf8+
Kxf8 33. Rc1 a5 34. Rc7 Kg8 35. Ra7 Rd2 36. Rxa5 Rxb2 37. Ra7 h6 38. a4 Ra2 39.
Kh2 Ra3 40. h4 Kh8 41. g3 Ra2+ 42. Kg1 Kg8 43. a5 Kh8 44. a6 Kg8 45. Ra8+ Kg7
46. a7 Kh7 47. Kf1 Kg7 48. Ke1 Kh7 49. Kd1 Kg7 50. Kc1 Kh7 51. Kb1 Ra5 52. Kb2
Kg7 53. Kb3 Kh7 54. Kb4 Ra6 55. Kc5 Ra1 56. Rd8 Rxa7 57. Kd6 Ra3 58. Rd7+ Kg8
59. Ke6 Rxg3 60. Rd4 Kg7 1/2-1/2

[Event "SC Listiger Bauer Essen 1 - SC Rochade "]
[Site "Verbandsklasse - Gruppe 3 201"]
[Date "2019.01.20"]
[Round "5.4"]
[White "Wagner, Ole"]
[Black "Kiparski, Manuel"]
[Result "1/2-1/2"]
[WhiteElo "1904"]
[BlackElo "1790"]
[PlyCount "70"]
[EventDate "2019.??.??"]

1. e4 e5 2. Nf3 Nc6 3. Bc4 Bc5 4. Nc3 Nf6 5. d3 h6 6. Be3 Bb6 7. Nd5 d6 8. c3
O-O 9. h3 Nxd5 10. Bxd5 Ne7 11. Bb3 Be6 12. O-O c6 13. Qd2 Bxb3 14. axb3 Bxe3
15. Qxe3 a6 16. b4 f5 17. d4 fxe4 18. Qxe4 Rf4 19. Qe3 Nd5 20. Qe2 exd4 21.
Nxd4 Rf6 22. Qg4 Qf8 23. Rae1 Re8 24. Rxe8 Qxe8 25. Qe2 Qxe2 26. Nxe2 Re6 27.
Nd4 Re5 28. Rd1 Nf4 29. Nf3 Re6 30. Kf1 d5 31. Ng1 Kf7 32. g3 Ng6 33. f4 Ne7
34. Nf3 Nf5 35. Kf2 Nd6 1/2-1/2

[Event "SC Listiger Bauer Essen 1 - SC Rochade "]
[Site "Verbandsklasse - Gruppe 3 201"]
[Date "2019.01.20"]
[Round "5.5"]
[White "Bruckmann, Jochen"]
[Black "Petri, Norbert"]
[Result "1/2-1/2"]
[WhiteElo "1773"]
[BlackElo "1864"]
[PlyCount "47"]
[EventDate "2019.??.??"]

1. e4 d5 2. exd5 Nf6 3. Nf3 Nxd5 4. c4 Nb6 5. d4 g6 6. h3 Bg7 7. Nc3 O-O 8. Be3
Nc6 9. d5 Na5 10. Bxb6 axb6 11. Rc1 c5 12. a3 Bxc3+ 13. Rxc3 b5 14. cxb5 b6 15.
b4 Nb7 16. bxc5 Nxc5 17. Bc4 Ne4 18. Re3 Nf6 19. O-O Qd6 20. Qb3 Bb7 21. Rd1
Rfd8 22. Red3 Ne4 23. Re3 Nf6 24. Red3 1/2-1/2

[Event "SC Listiger Bauer Essen 1 - SC Rochade "]
[Site "Verbandsklasse - Gruppe 3 201"]
[Date "2019.01.20"]
[Round "5.6"]
[White "Jondral, Luis"]
[Black "Furchtbar, Uwe"]
[Result "0-1"]
[WhiteElo "1637"]
[BlackElo "1778"]
[PlyCount "62"]
[EventDate "2019.??.??"]

1. Nf3 Nf6 2. b3 d5 3. Bb2 e6 4. g3 c5 5. d4 b6 6. Bg2 Bb7 7. O-O Bd6 8. Nbd2
O-O 9. Ne5 Nbd7 10. Nxd7 Nxd7 11. c4 Qb8 12. e4 cxd4 13. cxd5 e5 14. Nc4 Bc5
15. Kh1 b5 16. Na5 Qc7 17. Nxb7 Qxb7 18. f4 f6 19. f5 Rfc8 20. Rc1 Qa6 21. Ra1
Bb4 22. Qe2 Bc3 23. a4 Bxb2 24. Qxb2 b4 25. Rfd1 Rc3 26. Bf1 d3 27. Rxd3 Rxd3
28. Qe2 Nc5 29. Rc1 Rc3 30. Qxa6 Nxa6 31. Rxc3 bxc3 0-1

[Event "SC Listiger Bauer Essen 1 - SC Rochade "]
[Site "Verbandsklasse - Gruppe 3 201"]
[Date "2019.01.20"]
[Round "5.8"]
[White "Maurer, Markus"]
[Black "Foerster, Alexander"]
[Result "1/2-1/2"]
[WhiteElo "1812"]
[BlackElo "1698"]
[PlyCount "40"]
[EventDate "2019.??.??"]

1. d4 d6 2. Nf3 g6 3. c4 Nf6 4. Nc3 Bg7 5. e4 O-O 6. Be2 Nbd7 7. O-O c6 8. Bg5
e5 9. Qd2 Re8 10. dxe5 dxe5 11. Rad1 Qc7 12. h3 Nc5 13. Qc2 b6 14. b4 Ne6 15.
Be3 Bb7 16. c5 b5 17. a3 Rad8 18. Rxd8 Rxd8 19. Rd1 Nh5 20. Rxd8+ Qxd8 1/2-1/2

[Event "SC Doppelbauer Brambauer 1 - SF Brackel"]
[Site "Verbandsklasse - Gruppe 3 201"]
[Date "2019.01.20"]
[Round "5.2"]
[White "Koth, Stefan"]
[Black "Friedrichs, Klaus"]
[Result "1/2-1/2"]
[WhiteElo "2029"]
[BlackElo "2243"]
[PlyCount "32"]
[EventDate "2019.??.??"]

1. c4 e6 2. Nc3 Nf6 3. e4 d5 4. e5 d4 5. exf6 dxc3 6. fxg7 cxd2+ 7. Bxd2 Bxg7
8. Qc2 Nc6 9. Nf3 Qe7 10. O-O-O Bd7 11. a3 O-O-O 12. Bg5 Bf6 13. Be3 Rhg8 14.
g3 Bh8 15. Bd3 f5 16. Rhe1 Bf6 1/2-1/2

[Event "SC Doppelbauer Brambauer 1 - SF Brackel"]
[Site "Verbandsklasse - Gruppe 3 201"]
[Date "2019.01.20"]
[Round "5.3"]
[White "Albers, Damian"]
[Black "Remmler, Volker"]
[Result "1/2-1/2"]
[WhiteElo "2048"]
[BlackElo "2059"]
[Annotator "Daniel"]
[PlyCount "149"]
[EventDate "2019.??.??"]

1. e4 e6 2. d3 d5 3. Nd2 Nf6 4. g3 c5 5. Bg2 Be7 6. Ngf3 Nc6 7. O-O O-O 8. Re1
Rb8 9. h4 b5 10. e5 Nd7 11. Nf1 a5 12. Bf4 b4 13. N1h2 a4 14. Ng5 Nd4 15. c3
bxc3 16. bxc3 Nb5 17. Qh5 Bxg5 18. hxg5 Nxc3 $11 19. Ng4 Rb2 20. Bf3 Ba6 21.
Nf6+ Nxf6 22. gxf6 Bxd3 23. fxg7 Re8 24. Kg2 Bg6 25. Qh6 Ne4 26. Bxe4 dxe4 27.
Red1 Qa8 $11 28. Be3 c4 29. Rac1 Rxa2 30. Rxc4 Ra3 31. Rd7 Qa6 32. Rc1 Qe2 33.
Rdc7 Qf3+ 34. Kg1 Rd3 35. Qg5 Rd1+ 36. Rxd1 Qxd1+ 37. Kh2 Qh5+ 38. Qxh5 Bxh5
39. Bh6 Ra8 40. Rc2 Bd1 41. Ra2 Bb3 42. Ra3 Ra5 43. g4 Rxe5 44. Kg3 Rc5 45. Kf4
Rc2 46. Ra1 Rxf2+ 47. Kxe4 Rh2 48. g5 Rh1 49. Rxh1 Bd5+ 50. Ke5 Bxh1 51. Kf6
Bd5 52. g6 fxg6 53. Bf4 a3 54. Be5 Be4 55. Kg5 h5 56. Kh4 a2 57. Kg5 Bc6 58.
Kh4 Be8 59. Kg5 Bf7 60. Kh4 Kh7 61. Kg5 h4 62. Kxh4 Kh6 63. Kg4 g5 64. Bb2 Bh5+
65. Kg3 Kh7 66. Bc3 Bf7 67. Kg4 Kh6 68. Be5 Kg6 69. Bb2 Kh6 70. Be5 Kg6 71. Bb2
Kh6 72. Bc3 Bh5+ 73. Kg3 Kh7 74. Bb2 Kg8 75. Bc3 1/2-1/2

[Event "SC Doppelbauer Brambauer 1 - SF Brackel"]
[Site "Verbandsklasse - Gruppe 3 201"]
[Date "2019.01.20"]
[Round "5.4"]
[White "Schulz, Hartmut"]
[Black "Reisberg, Andre"]
[Result "0-1"]
[WhiteElo "2025"]
[BlackElo "1994"]
[PlyCount "134"]
[EventDate "2019.??.??"]

1. d4 d5 2. Nf3 Nf6 3. Bf4 c5 4. e3 Nc6 5. c3 Qb6 6. Qb3 c4 7. Qc2 Bf5 8. Qc1
Nh5 9. Nh4 Bd7 10. Be2 Nxf4 11. exf4 h6 12. Nf3 Bf5 13. Nbd2 e6 14. Nf1 Bd6 15.
Ne5 Nxd4 16. cxd4 Bb4+ 17. Nd2 Qxd4 18. Nef3 Qe4 19. Qd1 O-O 20. O-O Qxf4 21.
g3 Qc7 22. Rc1 Qb6 23. Nh4 Bh3 24. Ng2 Qd4 25. Nxc4 Qxd1 26. Rfxd1 dxc4 27.
Rxc4 Ba5 28. Nf4 Bf5 29. g4 Bh7 30. b4 Bb6 31. Bf3 Rad8 32. Rcc1 Rxd1+ 33. Rxd1
Rc8 34. Rd7 Rc2 35. Rxb7 Bxf2+ 36. Kf1 Kf8 37. Rb8+ Ke7 38. Rh8 Bd4 39. Rxh7
Rf2+ 40. Ke1 Rxf3 41. Ne2 Be5 42. h4 Rh3 43. Rh8 Ra3 44. Ra8 Rxa2 45. b5 Ra5
46. Kf2 Kf6 47. Kf3 Rxb5 48. Rxa7 Rb3+ 49. Kg2 Re3 50. Ra2 Kg6 51. Kf2 Rd3 52.
Ra5 Rd5 53. Ra6 h5 54. g5 Rb5 55. Ra4 f6 56. gxf6 gxf6 57. Kg2 Kf5 58. Rc4 Rb8
59. Rc5 Rg8+ 60. Kh3 Ke4 61. Rc2 f5 62. Ra2 f4 63. Ra4+ Kf3 64. Ra2 Rg4 65. Ra5
Ke4 66. Ra4+ Kf5 67. Ra5 f3 0-1

[Event "SC Doppelbauer Brambauer 1 - SF Brackel"]
[Site "Verbandsklasse - Gruppe 3 201"]
[Date "2019.01.20"]
[Round "5.5"]
[White "Krueger, Sven"]
[Black "Bracht, Michael"]
[Result "1/2-1/2"]
[WhiteElo "1952"]
[BlackElo "1950"]
[PlyCount "82"]
[EventDate "2019.??.??"]

1. e4 g6 2. d4 Bg7 3. Nc3 d6 4. Nf3 Nd7 5. Bc4 e6 6. O-O Ne7 7. Be3 Nb6 8. Bb3
h6 9. a4 O-O 10. h3 Kh7 11. Nh2 Bd7 12. f4 f5 13. a5 Nbc8 14. e5 d5 15. Na4 b6
16. Bd2 Nc6 17. Nf3 N8e7 18. Kh2 Nb8 19. Qe2 Qe8 20. Rfc1 Bb5 21. Qe3 Na6 22.
Nc3 Bd7 23. Qe2 b5 24. Na2 c5 25. dxc5 Nxc5 26. Nd4 a6 27. Bb4 Ne4 28. Nc3 Nxc3
29. Bxc3 Nc6 30. Nxc6 Bxc6 31. Bd4 Rg8 32. c3 Rc8 33. Bc2 Bb7 34. Bd3 Rc6 35.
b4 Qd7 36. Rc2 Bf8 37. Rac1 Rc8 38. Qf2 Be7 39. g3 Rg7 40. Rg1 Kh8 41. Qe3 Qe8
1/2-1/2

[Event "SC Doppelbauer Brambauer 1 - SF Brackel"]
[Site "Verbandsklasse - Gruppe 3 201"]
[Date "2019.01.20"]
[Round "5.7"]
[White "Siebert, Martin"]
[Black "Deckert, Frank"]
[Result "1-0"]
[WhiteElo "1945"]
[BlackElo "1871"]
[PlyCount "51"]
[EventDate "2019.??.??"]

1. e4 c6 2. d4 d5 3. exd5 cxd5 4. Nf3 Nc6 5. c3 Qc7 6. Bd3 g6 7. O-O Bg7 8. Re1
Nf6 9. h3 Bf5 10. Bxf5 gxf5 11. Nh4 Ne4 12. Nxf5 Bf6 13. Qf3 e6 14. Ng3 Be7 15.
Nxe4 dxe4 16. Rxe4 Rd8 17. Nd2 Rd5 18. Nb3 Rf5 19. Rf4 Rxf4 20. Bxf4 Bd6 21.
Bxd6 Qxd6 22. Nc5 Qc7 23. Re1 Nd8 24. Qh5 Kf8 25. Qh6+ Ke7 26. Qg7 1-0

[Event "SC Doppelbauer Brambauer 1 - SF Brackel"]
[Site "Verbandsklasse - Gruppe 3 201"]
[Date "2019.01.20"]
[Round "5.8"]
[White "Jochmann, Christian"]
[Black "Diebig, Maja"]
[Result "1/2-1/2"]
[WhiteElo "1822"]
[BlackElo "1823"]
[PlyCount "66"]
[EventDate "2019.??.??"]

1. e4 e6 2. d3 d5 3. Nd2 Nf6 4. g3 c5 5. Bg2 Nc6 6. f4 Be7 7. e5 Nd7 8. Ne2 O-O
9. O-O f6 10. exf6 Nxf6 11. c3 b5 12. Nf3 Qb6 13. h3 a5 14. g4 b4 15. Ng3 a4
16. Re1 a3 17. g5 Ne8 18. c4 axb2 19. Bxb2 Rxf4 20. Qd2 Rf8 21. Kh1 Bd6 22. Nh5
d4 23. Re4 Ra7 24. Nf4 Bxf4 25. Rxf4 Rxf4 26. Qxf4 Rf7 27. Qh4 g6 28. Qg3 Ng7
29. Nh4 Qc7 30. Qxc7 Rxc7 31. a3 b3 32. Re1 Nh5 33. Bc1 Ne7 1/2-1/2